| Поле | Инд. | ПП | Название | Значение |
|---|---|---|---|---|
| Тип записи | a | |||
| Библиографический уровень | m | |||
| 001 | Контрольный номер | ce6823fa-f171-4822-9413-7a904425ad5a | ||
| 005 | Дата корректировки | 20140226221131.4 | ||
| 008 | Кодируемые данные | 001123 d | ||
| 020 | a | ISBN | 5-02-002494-5 | |
| c | Цена, тираж | 32.00 | ||
| 040 | a | Служба первич. каталог. | НБ ТвГУ | |
| 041 | a | Код языка текста | rus | |
| 080 | a | Индекс УДК | 514.743.4(075.8) | |
| a | Индекс УДК | 531/534(075.8) | ||
| 084 | a | Индекс другой классификации/Индекс ББК | В151.51я731-1 | |
| a | Индекс другой классификации/Индекс ББК | В25я731-1 | ||
| 090 | x | Авторский знак | Г70 | |
| a | Полочн. индекс | В151.5 | ||
| 100 | 1_ | a | Автор | Горшков Анатолий Герасимович |
| 245 | 10 | a | Заглавие | Основы тензорного анализа и механика сплошной среды |
| b | Продолж. заглавия | Учеб. для студентов втузов, обучающихся по машиностроит. направлениям | ||
| c | Ответственность | А. Г. Горшков, Л. Н. Рабинский, Д. В. Тарлаковский; РАН, Ин-т пробл. механики, Федерал. целевая программа "Гос. поддержка интеграции высш. образования и фундам. науки на 1997-2000 годы | ||
| c | Ответственность | Федерал. целевая программа "Гос. поддержка интеграции высш. образования и фундам. науки на 1997-2000 годы" | ||
| c | Ответственность | Ин-т пробл. механики РАН | ||
| 260 | 0_ | a | Место издания | Москва |
| b | Издательство | Наука | ||
| c | Дата издания | 2000 | ||
| 300 | a | Объем | 213,[1] c. | |
| b | Иллюстрации/ тип воспроизводства | ил. | ||
| 504 | a | Библиография | Библиогр.: с.213-214. | |
| 583 | a | Действие | Получение впервые 357 02.11.2000 | |
| k | Исполнитель действия | Дар Центра "Интеграции" | ||
| 650 | a | Основная рубрика | Тензорный анализ | |
| 650 | a | Основная рубрика | Сплошные среды | |
| x | Основная подрубрика | Механика | ||
| x | Основная подрубрика | Учебники для вузов | ||
| 653 | a | Ключевые слова | Тензонный анализ | |
| a | Ключевые слова | Механика сплошных сред | ||
| a | Ключевые слова | Сплошные среды | ||
| 700 | 1_ | a | Другие авторы | Рабинский Лев Наумович |
| e | Роль лиц | авт. | ||
| 700 | 1_ | a | Другие авторы | Тарлаковский Дмитрий Валентинович |
| e | Роль лиц | авт. | ||
| 700 | 1_ | a | Другие авторы | Климов Д. М. |
| e | Роль лиц | авт. | ||
| 852 | t | Порядковый номер экземпляра | 10 | |
| p | Инвентарный номер | 727765 | ||
| p | Инвентарный номер | 727774 | ||
| p | Инвентарный номер | 727773 | ||
| p | Инвентарный номер | 727772 | ||
| p | Инвентарный номер | 727771 | ||
| p | Инвентарный номер | 727770 | ||
| p | Инвентарный номер | 727769 | ||
| p | Инвентарный номер | 727768 | ||
| p | Инвентарный номер | 727767 | ||
| p | Инвентарный номер | 727766 | ||
| 863 | t | 00070400 | ||
| 863 | t | 00070401 | ||
| 863 | t | 00070402 | ||
| 863 | t | 00070403 | ||
| 863 | t | 00070404 | ||
| 863 | t | 00070405 | ||
| 863 | t | 00070406 | ||
| 863 | t | 00070407 | ||
| 863 | t | 00070408 | ||
| 888 | a | Бесплатные | ||
| 930 | a | Новая/Ретро | учебники | |
| 952 | p | 357.2000 32.00 1 727765 | ||
| p | 357.2000 32.00 1 727774 | |||
| p | 357.2000 32.00 1 727773 | |||
| p | 357.2000 32.00 1 727772 | |||
| p | 357.2000 32.00 1 727771 | |||
| p | 357.2000 32.00 1 727770 | |||
| p | 357.2000 32.00 1 727769 | |||
| p | 357.2000 32.00 1 727768 | |||
| p | 357.2000 32.00 1 727767 | |||
| p | 357.2000 32.00 1 727766 | |||
| c | Вид литературы | К ру | ||
| 954 | a | Дата поступления на обработку | 20001113 | |
| 999 | a | Подразделение 2 | Фил3 |